Ranč hoří

Bibliographic Details
Main Author: Gregory, Lester (Author)
Other Authors: Otová, Jana (Translator), Zeman, Karel (Illustrator)
Format: Book
Language:Czech
PhysicalDescription:63, [1] s. 20 cm
Published: Praha Ivo Železný 1992
ISBN:807116142X
Edition:2. vyd.
Series:Rodokaps 27

MARC

LEADER 00000nam a2200000 a 4500
001 vtls001135995
003 SK-MaSNL
005 20260301111757.0
008 250414s1992 CS 0 cze
020 |a 807116142X 
035 |a SNK000078848 
040 |a SNK  |b slo  |c SNK  |e AACR2 
041 0 |a cze 
044 |a [CS] 
080 |a 820-31=850  |2 1981 
100 1 |a Gregory, Lester  |4 aut  |9 451481 
245 1 0 |a Ranč hoří  |c Lester Gregory ; Přel. Jana Otová ; Ilustr. Karel Zeman 
250 |a 2. vyd. 
260 |a Praha  |b Ivo Železný  |c 1992 
300 |a 63, [1] s.  |c 20 cm 
490 0 |a Rodokaps  |v 27 
700 1 |a Otová, Jana  |4 trl  |9 451482 
700 1 |a Zeman, Karel  |4 ill  |9 281136 
852 |a Slovenská národná knižnica 
919 |a 80-7116-142-X 
954 |a romány anglické 
999 |c 708352  |d 710282 
952 |t P60, <05>, [BOOK], {605}  |a SNK  |b SNK  |y PREZ  |7 0  |p 17A0344503  |o snkID 93267 D1  |i snkKIP 7076/92  |0 0  |1 1  |4 0  |d 2002-05-28  |l 0  |r 2005-01-01 00:00:00  |w 2026-02-23